• 首页
  • 本馆介绍
  • 公告通知
  • 最新文献
  • 馆藏检索
  • 电子资源
  • 读者导购
  • 参考咨询
  • 我的图书馆
  • 登录
  • 详细信息显示
  • 放入我的书架
  • 预约/预借图书
  • 作者相关作品
  • 分类相关作品
  • 丛书相关作品
  • 出版社相关作品

书目信息

  • 表格格式
  • 工作单格式
  • 卡片格式
题名:
用好您的电子计算器
    
 
作者: 穆孝芳 编
分册:  
出版信息: 上海   上海科学技术出版社  1982
页数: 139页
开本: 14cm
丛书名:
单 册:
中图分类: O1-8
科图分类:
主题词: 电子计算器--应用
电子资源:
ISBN:
000 00610nam0 2200229 45
001 0182001051
005 20060721082819.84
010    @dCNY0.20
091    @aCN@b15119.2222
100    @a19950628d1982 em y0chiy0121 ea
101 0  @achi
102    @aCN@b310000
105    @ay z 000yy
200 10 @a用好您的电子计算器@Ayong hao nin de dian zi ji suan qi@f穆孝芳编
210    @a上海@c上海科学技术出版社@d1982
215    @a139页@d14cm
606    @a电子计算器@x应用
690    @aO1-8@v3
701  0 @a穆孝芳@Amu xiao fang@4编
801  2 @aCN@bNLC@c20060721
801  0 @aCN@bTSSF
905    @a10447@dO1-8@e261
    
    用好您的电子计算器/穆孝芳编.-上海:上海科学技术出版社,1982
    139页;14cm
    
    
    ISBN :CNY0.20
    
●
相关链接 在E读中查询图书 在五车中查询图书 在当当中查询图书 在豆瓣中查询图书


正题名:用好您的电子计算器     索取号:O1-8/261         预约/预借

序号 登录号 条形码 馆藏地/架位号 状态 备注
1 0437827   204378271   密集书库/ [索取号:O1-8/261] 在馆    
唐山师范学院图书馆 欢迎您!
大连网信软件有限公司© 版权所有